00585cam a22002051a 4500001001300000003000400013005001700017008004100034010001700075035002000092040002500112042001200137050001500149100002200164245007100186260004700257300002000304650003800324999001700362sa 68013553 DLC20260227112622.0900228s1965 io 000 0 ind  asa 68013553  a(OCoLC)21133358 aDLCcGEU-TdMiUdDLC apremarc00aBV55b.G631 aDjien, Goei Ping.10aHidup dalam kemenangan :brenungan Paskah /coleh Goei Ping Djien. aDjakarta :bBadan Penerbit Kristen,c1965. a24 p. ;c21 cm. 0aChristian lifexReformed authors. c85172d85172